|
|
|
|
| LEADER |
01082pam a22002778a 4500 |
| 001 |
00016988 |
| 005 |
20171026081022.0 |
| 008 |
110415s1998 ||||||Viesd |
| 041 |
0 |
# |
|a Vie
|
| 082 |
1 |
# |
|a 515
|b GI521Ô
|
| 100 |
0 |
# |
|a Lê Ngọc Lăng
|
| 245 |
0 |
0 |
|a Giúp ôn tập tốt môn toán cao cấp
|b ( Dùng cho sinh viên các trường đại ĐH Kỹ thuật )
|c Lê Ngọc Lăng, Nguyễn Chí Bảo, Trần Xuân Hiển, Nguyễn Phú Trường
|n T.2
|
| 260 |
# |
# |
|a H.
|b Giáo dục
|c 1998
|
| 300 |
# |
# |
|a 240 tr.
|c 21 cm.
|
| 653 |
# |
# |
|a Toán
|
| 653 |
# |
# |
|a Học giỏi toán
|
| 653 |
# |
# |
|a Toán cao cấp
|
| 653 |
# |
# |
|a Ôn tập
|
| 700 |
0 |
# |
|a Nguyễn Chí Bảo
|
| 700 |
0 |
# |
|a Nguyễn Phú Trường
|
| 700 |
0 |
# |
|a Trần Xuân Hiển
|
| 852 |
# |
# |
|b Kho mượn
|j KM.0004863, KM.0004864, KM.0004865
|
| 852 |
# |
# |
|b Kho đọc
|j KD.0002355
|
| 852 |
# |
# |
|j KM.0004863
|j KM.0004864
|j KM.0004865
|j KD.0002355
|
| 910 |
|
|
|d 15/04/2011
|
| 980 |
# |
# |
|a Trung tâm Học liệu Lê Vũ Hùng, Trường Đại học Đồng Tháp
|